书目信息 |
| 题名: |
大学军事教程
|
|
| 作者: | 庞若通 主编 | |
| 分册: | ||
| 出版信息: | 北京 北京体育大学出版社 2013.10 |
|
| 页数: | 241页 | |
| 开本: | 23cm | |
| 丛书名: | ||
| 单 册: | ||
| 中图分类: | E0 | |
| 科图分类: | ||
| 主题词: | 军事科学--jun shi ke xue--高等学校--教材 , 军事科学--jun shi ke xue | |
| 电子资源: | ||
| ISBN: | 978-7-5644-1462-7 | |
| 000 | 00891nam0 2200241 450 | |
| 001 | 2161442039 | |
| 005 | 20210930094211.0 | |
| 010 | @a978-7-5644-1462-7@dCNY30.00 | |
| 100 | @a20190704e20192013em y0chiy0120 ea | |
| 101 | 0 | @achi |
| 102 | @aCN@b110000 | |
| 105 | @aa z 000yy | |
| 106 | @ar | |
| 200 | 1 | @a大学军事教程@Ada xue jun shi jiao cheng@f庞若通主编 |
| 210 | @a北京@c北京体育大学出版社@d2013.10@h2019.8重印 | |
| 215 | @a241页@c图@d23cm | |
| 330 | @a本书内容包括:中国国防、军事思想、战略环境、军事高技术、高技术战争、信息化战争和共同条令与队列训练等内容,系统地讲述了有关军事理论和军事知识,反映了当前国内外军事发展的最新动态和信息时代的特征。 | |
| 606 | 0 | @a军事科学@Ajun shi ke xue@x高等学校@j教材 |
| 606 | 0 | @a军事科学@Ajun shi ke xue |
| 690 | @aE0@v5 | |
| 701 | 0 | @a庞若通@Apang ruo tong@f(1963 )@4主编 |
| 801 | 0 | @aCN@b百万庄@c20210928 |
| 905 | @b1302414-17@dE0@e29@f4 | |
| 大学军事教程/庞若通主编.-北京:北京体育大学出版社,2013.10(2019.8重印) |
| 241页:图;23cm |
| ISBN 978-7-5644-1462-7:CNY30.00 |
| 本书内容包括:中国国防、军事思想、战略环境、军事高技术、高技术战争、信息化战争和共同条令与队列训练等内容,系统地讲述了有关军事理论和军事知识,反映了当前国内外军事发展的最新动态和信息时代的特征。 |
| ● |
| 相关链接 |
|
|
|
|
正题名:大学军事教程
索取号:E0/29
 
预约/预借
| 序号 | 登录号 | 条形码 | 馆藏地/架位号 | 状态 | 备注 |
| 1 | 1302414 | 213024145 | 第一样本阅览室/ [索取号:E0/29] | 在馆 | |
| 2 | 1302415 | 213024154 | 第一借阅区/ [索取号:E0/29] | 在馆 | |
| 3 | 1302416 | 213024163 | 第一借阅区/ [索取号:E0/29] | 在馆 | |
| 4 | 1302417 | 213024172 | 第一借阅区/ [索取号:E0/29] | 在馆 |